000 00272nam a22001217a 4500
008 170607b xxu||||| |||| 00| 0 eng d
041 _aeng
080 _a327
100 _a18
101 _aSHP
245 _aTHE 1996 PRESIDENTIAL ELECTION
_cHOUGH.J.F
942 _2udc
_cBK
999 _c16288
_d16288